[Event "Bielefeld Gr7"]
[Site "Bielefeld"]
[Date "2006.06.03"]
[Round "2"]
[White "Bachmann, David"]
[Black "Neukoetter, Moritz"]
[Result "1-0"]
[WhiteElo "1420"]
[BlackElo "1511"]
[PlyCount "73"]
[EventDate "2006.06.02"]
[EventType "tourn"]
[EventRounds "7"]
[EventCountry "GER"]
[SourceTitle "EXT 2007"]
[Source "ChessBase"]
[SourceDate "2006.11.23"]
[SourceVersion "1"]
[SourceVersionDate "2006.11.23"]
[SourceQuality "1"]

1. d4 f5 2. e4 fxe4 3. Nc3 Nf6 4. Bg5 g6 5. Bxf6 exf6 6. Nxe4 d5 7. Nc3 Bg7 8. f4 0-0 9. Nf3 Re8+ 10. Be2 Be6 11. 0-0 c6 12. Na4 Nd7 13. b3 Qc7 14. Qd2 Re7 15. Rfe1 Rae8 16. Bd3 Bg4 17. Rxe7 Rxe7 18. Kh1 b5 19. Nc5 Nxc5 20. dxc5 Bxf3 21. gxf3 f5 22. Re1 a5 23. Rxe7 Qxe7 24. Qxa5 Qxc5 25. a4 Bc3 26. Qd8+ Kf7 27. Qc7+ Kg8 28. axb5 Bd2 29. Qe5 cxb5 30. c4 bxc4 31. Bxc4 Kf8 32. Qh8+ Kf7 33. Qxh7+ Kf6 34. Qh8+ Kf7 35. Qe5 Qe7 36. Qxd5+ Ke8 37. Qxd2 1-0